000 00308nam a22001457a 4500
008 230912b ||||| |||| 00| 0 eng d
020 _a6811240
041 _aeng
080 _a101
082 _a101WOO
100 _a44
101 _aFILOZ
245 _aMECHANICAL MAN
_cWOOLDRIDGE.E.D
942 _2udc
_cBK
999 _c60331
_d60331